00946cam a2200253 a 4500999001900000001000900019005001700028008004100045020001800086040001300104082001500117100002300132245008400155250004600239260003700285300004800322500002000370650002100390650001800411700002300429942000700452952010800459952012500567 c125728d1257281697231220220308100518.0110922s2012 nyua 001 0 eng  a9780730314622 cPK-LaUMT a612bTOR-P1 aTortora, Gerard J.10aPrinciples of anatomy & physiology /cby Gerard J. Tortora and Bryan Derrickson aFirst Asia-Pacific edition (genuine ed.) aHoboken, NJ :bJohn Wiley,c2016 axxii, 817 p.bill. (chiefly col.) ;c29 cm. aIncludes index. 0aHuman physiology 0aHuman anatomy1 aDerrickson, Bryan. cBK 00104070aHSCbHSCd2022-03-08l1o612 TOR-Pp142023r2023-12-19 00:00:00s2023-12-18w2022-03-08yBK 00104070aHSCbHSCd2022-03-08l5o612 TOR-Pp142024q2026-07-12r2026-06-28 12:28:52s2026-06-28tC.2w2022-03-08yBK